| 000 | 00759nam a22002297a 4500 | ||
|---|---|---|---|
| 003 | OSt | ||
| 005 | 20131127101243.0 | ||
| 008 | 130517s1996 sp ||||| |||| 00| 0 spa d | ||
| 020 | _a8486792509 | ||
| 040 | _cCDMR | ||
| 245 | 0 | 0 |
_aSobre la intimidad _c[coordinadores Antonio Vallés Copeiro del Villar, Hugo Aznar Gómez ; David Calatauyd Chover ...[et al.]] |
| 260 |
_aValencia _bFundación Universitaria San Pablo C.E.U. _c1996 |
||
| 300 | _a234 p. | ||
| 490 | 0 | _aLecciones | |
| 650 | 0 | 4 |
_9709 _aDret a la intimitat |
| 650 | 0 | 4 |
_94380 _aDret a l'honor |
| 650 | 0 | 4 |
_94397 _aResponsabilitat (Dret) |
| 700 | 1 |
_93467 _aVallés Copeiro del Villar, Antonio |
|
| 700 | 1 |
_9383 _aAznar, Hugo _ecoords. |
|
| 700 | 1 |
_93468 _aCalatayud Chover, David |
|
| 942 |
_2udc _cMON |
||
| 999 |
_c6283 _d6283 |
||